Is Indian civilization a myth?: (Record no. 96224)

MARC details
000 -LEADER
fixed length control field 01001nam a22002417a 4500
005 - DATE AND TIME OF LATEST TRANSACTION
control field 20171010144724.0
010 ## - LCCN (DPL NO)
LC control number 1516EN07 ENG-120784
020 ## - INTERNATIONAL STANDARD BOOK NUMBER
Terms of availability 450.00 (AV)
International Standard Book Number 9788178244617
035 ## - SYSTEM CONTROL NUMBER
System control number B-603736-747
035 ## - SYSTEM CONTROL NUMBER
System control number B-667413
035 ## - SYSTEM CONTROL NUMBER
System control number EN-104316
037 ## - SOURCE OF ACQUISITION
Source of stock number/acquisition Aakar/VEN
Stock number DPL
037 ## - SOURCE OF ACQUISITION
Source of stock number/acquisition DBAD/PUB
082 ## - DEWEY DECIMAL CLASSIFICATION NUMBER
Classification number 954
100 ## - MAIN ENTRY--PERSONAL NAME
Personal name Subrahmanyam, Sanjay
245 ## - TITLE STATEMENT
Title Is Indian civilization a myth?:
Statement of responsibility, etc by Sanjay Subrahmanyam
Remainder of title fictions and histories /
260 ## - PUBLICATION, DISTRIBUTION, ETC. (IMPRINT)
Place of publication, distribution, etc Ranikhet
Name of publisher, distributor, etc Permanent Black
Date of publication, distribution, etc 2015
270 ## - ADDRESS
City Ranikhet
Postal code 263645
Address Himalayana, Mall Road Ranikhet Cantt
300 ## - PHYSICAL DESCRIPTION
Extent 262p.
Dimensions 22cm(pbk)
942 ## - ADDED ENTRY ELEMENTS (KOHA)
Source of classification or shelving scheme Dewey Decimal Classification
Item type English Books
Classification part 954
Call number suffix SAN
Holdings
Withdrawn status Lost status Not for loan Collection code Home library Current library Date acquired Source of acquisition Cost, normal purchase price Full call number Barcode Copy number Cost, replacement price Koha item type
      Non-fiction Ashok Vihar Ashok Vihar 20/07/2017 BPPD/EN/2015-16/AV/16-17/386/15.2.2017/I-3330/1.3.2017/ 17.3.2017 495.00 954 SUB B-667413 1 495.00 English Books
      Non-fiction Bawana Bawana 27/05/2016 I-1183/25.9.2015/109/16.9.2015/15.10.2015 450.00 954 SUB B-603747 1 450.00 English Books
    Not For Loan Non-fiction D.B.Act.Division Bawana 10/10/2017 DBAD/PUB 450.00 954 SUB EN-104316 1 450.00 English Books
      Non-fiction Central Library Central Library 27/05/2016 I-1183/25.9.2015/109/16.9.2015/15.10.2015 450.00 954 SUB B-603736 1 450.00 English Books
      Non-fiction Janak Puri Janak Puri 27/05/2016 I-1183/25.9.2015/109/16.9.2015/15.10.2015 450.00 954 SUB B-603741 1 450.00 English Books
      Non-fiction Karol Bagh Karol Bagh 27/05/2016 I-1183/25.9.2015/109/16.9.2015/15.10.2015 450.00 954 SUB B-603745 1 450.00 English Books
      Non-fiction Kasturba Gandhi Marg Kasturba Gandhi Marg 27/05/2016 I-1183/25.9.2015/109/16.9.2015/15.10.2015 450.00 954 SUB B-603738 1 450.00 English Books
      Non-fiction Narela Narela 27/05/2016 I-1183/25.9.2015/109/16.9.2015/15.10.2015 450.00 954 SUB B-603746 1 450.00 English Books
      Non-fiction Patel Nagar Patel Nagar 27/05/2016 I-1183/25.9.2015/109/16.9.2015/15.10.2015 450.00 954 SUB B-603737 1 450.00 English Books
      Non-fiction Peshwa Road Peshwa Road 27/05/2016 I-1183/25.9.2015/109/16.9.2015/15.10.2015 450.00 954 SUB B-603739 1 450.00 English Books
      Non-fiction R.K.Puram-8 R.K.Puram-8 27/05/2016 I-1183/25.9.2015/109/16.9.2015/15.10.2015 450.00 954 SUB B-603743 1 450.00 English Books
      Non-fiction Sarojini Nagar Sarojini Nagar 27/05/2016 I-1183/25.9.2015/109/16.9.2015/15.10.2015 450.00 954 SUB B-603742 1 450.00 English Books
      Non-fiction Sriniwas Puri Sriniwas Puri 27/05/2016 I-1183/25.9.2015/109/16.9.2015/15.10.2015 450.00 954 SUB B-603744 1 450.00 English Books
      Non-fiction Tri Nagar Tri Nagar 27/05/2016 I-1183/25.9.2015/109/16.9.2015/15.10.2015 450.00 954 SUB B-603740 1 450.00 English Books

© Delhi Public Library
Hit Counter
free hit counter